1988 Election Night - Statistics

General Stats
  • This quiz has been taken 13 times
  • The average score is 34 of 53
Answer Stats
Time Called EST Electoral Votes Answer % Correct
8:19 PM 3 District of Columbia
88%
7:32 PM 21 Florida
88%
7:17 PM 12 Georgia
88%
7:00 PM 12 Indiana
88%
7:00 PM 9 Kentucky
88%
12:33 AM 36 New York
88%
7:52 PM 13 North Carolina
88%
7:33 PM 9 Alabama
75%
1:51 AM 3 Alaska
75%
Wed. Morning 47 California
75%
1:00 AM 4 Hawaii
75%
10:41 PM 2 Maine
75%
8:32 PM 13 Massachusetts
75%
10:47 PM 10 Minnesota
75%
8:00 PM 4 New Hampshire
75%
8:32 PM 16 New Jersey
75%
8:46 PM 23 Ohio
75%
12:34 AM 7 Oregon
75%
10:17 PM 4 Rhode Island
75%
7:28 PM 8 South Carolina
75%
8:43 PM 29 Texas
75%
Wed. Morning 10 Washington
75%
10:53 PM 8 Colorado
63%
10:41 PM 8 Iowa
63%
8:22 PM 7 Kansas
63%
10:40 PM 20 Michigan
63%
12:10 AM 4 Montana
63%
12:59 AM 25 Pennsylvania
63%
11:00 PM 3 South Dakota
63%
12:10 AM 5 Utah
63%
7:22 PM 12 Virginia
63%
9:33 PM 6 West Virginia
63%
11:00 PM 11 Wisconsin
63%
10:05 PM 3 Wyoming
63%
9:04 PM 7 Arizona
50%
10:05 PM 6 Arkansas
50%
9:02 PM 8 Connecticut
50%
Wed. 12:10 AM 4 Idaho
50%
Wed. Morning 24 Illinois
50%
9:13 PM 10 Louisiana
50%
10:41 PM 1 Maine-1
50%
10:41 PM 1 Maine-2
50%
10:07 PM 10 Maryland
50%
8:43 PM 7 Mississippi
50%
1:00 AM 11 Missouri
50%
9:10 PM 5 Nebraska
50%
11:04 PM 4 Nevada
50%
10:05 PM 5 New Mexico
50%
8:32 PM 3 North Dakota
50%
8:22 PM 11 Tennessee
50%
11:09 PM 3 Vermont
50%
8:45 PM 3 Delaware
38%
8:17 PM 8 Oklahoma
38%
No matching quizzes found
Score Distribution
Percent of People with Each Score
Percentile by Number Answered
Your Score History
You have not taken this quiz